| 000 -LEADER |
| fixed length control field |
00775nam a2200205Ia 4500 |
| 001 - CONTROL NUMBER |
| control field |
15601 |
| 003 - CONTROL NUMBER IDENTIFIER |
| control field |
GE_BSU |
| 008 - FIXED-LENGTH DATA ELEMENTS--GENERAL INFORMATION |
| fixed length control field |
181216s||||||||xx |||||||||||||| ||und|| |
| 040 ## - CATALOGING SOURCE |
| Transcribing agency |
GE_BSU |
| 100 ## - MAIN ENTRY--PERSONAL NAME |
| Personal name |
გამზათოვი, რასულ |
| 245 ## - TITLE STATEMENT |
| Title |
ჩემი დაღესტანი |
| 245 ## - TITLE STATEMENT |
| Statement of responsibility, etc. |
რუს. თარგმნეს თ. ჩიჯავაძემ და შ. ნიშნიანიძემ.რედ. ნ. ლორთქიფანიძე. მხატვ.ო.ჯიშკარიანი |
| 250 ## - EDITION STATEMENT |
| Edition statement |
1-ლი გამოც |
| 260 ## - PUBLICATION, DISTRIBUTION, ETC. |
| Place of publication, distribution, etc. |
თბილისი |
| 260 ## - PUBLICATION, DISTRIBUTION, ETC. |
| Name of publisher, distributor, etc. |
ნაკადული |
| 260 ## - PUBLICATION, DISTRIBUTION, ETC. |
| Date of publication, distribution, etc. |
1972 |
| 300 ## - PHYSICAL DESCRIPTION |
| Extent |
285გვ.17სმ. |
| 653 ## - INDEX TERM--UNCONTROLLED |
| Uncontrolled term |
ჩემი დაღესტანი |
| 942 ## - ADDED ENTRY ELEMENTS (KOHA) |
| Koha item type |
წიგნი |